Proceso de integración de América Latina y el Caribe/
El presente artículo presenta un análisis del proceso de integración de América Latina y el Caribe, su nivel de complejidad, los distintos mecanismos existentes y su importancia para el desarrollo de los países de la región y el bienestar de la población. Para hacerle frente a este desafió, se recur...
Enregistré dans:
| Auteur principal: | |
|---|---|
| Format: | Livre |
| Langue: | Spanish |
| Sujets: | |
| Tags: |
Ajouter un tag
Pas de tags, Soyez le premier à ajouter un tag!
|
MARC
| LEADER | 00000nam a22000007a 4500 | ||
|---|---|---|---|
| 003 | cru CIDCACS/IIS | ||
| 005 | 20230804062554.0 | ||
| 007 | ta | ||
| 008 | 180829s2017 cr ||||| ||||||0| ||spa|d | ||
| 999 | |c 41611 |d 41611 | ||
| 040 | |c cru CIDCACS/IIS | ||
| 100 | 1 | |9 7561 |a Herrera M., Luis Carlos | |
| 245 | 1 | |a Proceso de integración de América Latina y el Caribe/ |c Luis Carlos Herrera M. | |
| 300 | |a páginas 167-183 | ||
| 520 | |a El presente artículo presenta un análisis del proceso de integración de América Latina y el Caribe, su nivel de complejidad, los distintos mecanismos existentes y su importancia para el desarrollo de los países de la región y el bienestar de la población. Para hacerle frente a este desafió, se recurrió en primera medida al análisis histórico (heurístico, crítico y síntesis) de los procesos de integración a nivel de Norte América, Centroamérica, Sur América y el Caribe. La segunda decisión metodológica, implicó estudiar desde la sociología política, la experiencia propia de cada mecanismo de integración; identificando logros, dificultades, retos y perspectivas, frente a la composición geopolítica de la región. Los resultados apuntan a que el proceso de integración latinoamericana y caribeña ha tomado décadas; ha sido un largo proceso con avances y retrocesos. En el proceso de integración se han tenido que superar situaciones difíciles, que provocaron la incorporación de temas como: la desigualdad social, el cambio climático, la seguridad alimentaria, justicia, democracia, participación ciudadana, corrupción. | ||
| 650 | 0 | |9 3294 |a DESARROLLO | |
| 650 | 0 | |9 3691 |a POLITICA | |
| 650 | 0 | |a POLITICAS DE DESARROLLO |9 3369 | |
| 650 | 0 | |9 676 |a GEOPOLITICA | |
| 650 | 0 | |9 2125 |a PARTICIPACION SOCIAL | |
| 650 | 0 | |9 1035 |a CORRUPCION | |
| 650 | 0 | |9 2081 |a SOCIOLOGIA | |
| 650 | 4 | |9 1959 |a ANALISIS HISTORICO | |
| 650 | 4 | |9 3216 |a INTEGRACION POLITICA | |
| 650 | 0 | |9 2130 |a JUSTICIA SOCIAL | |
| 650 | 0 | |9 630 |a SEGURIDAD ALIMENTARIA | |
| 650 | 0 | |9 83 |a DEMOCRACIA | |
| 651 | 0 | |9 17 |a AMERICA LATINA | |
| 651 | 0 | |9 4609 |a CARIBE | |
| 773 | 0 | |0 18728 |9 2205 |a Universidad de Costa Rica |d San José, Costa Rica Editorial UCR 1956- |o 19668 |t Revista de Ciencias Sociales/ | |
| 942 | |2 ddc |c PP | ||
